000 00297nam a22001457a 4500
008 210511b ||||| |||| 00| 0 eng d
020 _a0198770863
041 _aeng
080 _a330
082 _a330
100 _a52
101 _aEKO
245 _aInflation
_cFlemming,J
942 _2udc
_cBK
999 _c57245
_d57245